Teoría y política del desarrollo económico /
Wedi'i Gadw mewn:
| Prif Awdur: | |
|---|---|
| Awduron Eraill: | |
| Fformat: | Texto |
| Cyhoeddwyd: |
México D.F.:
Siglo XXI
|
| Rhifyn: | 6 |
| Tagiau: |
Ychwanegu Tag
Dim Tagiau, Byddwch y cyntaf i dagio'r cofnod hwn!
|
MARC
| LEADER | 00000 a a2200000 04500 | ||
|---|---|---|---|
| 001 | 22198 | ||
| 003 | |||
| 040 | |||
| 090 | |a 150500 | ||
| 100 | |a Furtado, Celso | ||
| 245 | |a Teoría y política del desarrollo económico / |c Celso Furtado | ||
| 250 | |a 6 | ||
| 260 | |a México D.F.: |b Siglo XXI | ||
| 300 | |a 301 p |b il. | ||
| 700 | |a Oliviera, Francisco |a Martí, Soler |a trad | ||
| 999 | |c 16774 |d 16774 | ||
